[Event "IECC O-4279"]
[Site "IECC email"]
[Date "2016.04.17"]
[Round "?"]
[White "Downes, John"]
[Black "Meetze, Bill"]
[Result "0-1"]
[WhiteElo "1196"]
[BlackElo "1290"]
[PlyCount "62"]
[EventDate "2016.??.??"]
[EventType "swiss (corr)"]
[EventRounds "2"]
[SourceTitle "Corr 2020"]
[Source "ChessBase"]
[SourceDate "2019.09.30"]
[SourceVersion "1"]
[SourceVersionDate "2019.09.30"]
[SourceQuality "1"]
[WhiteTeam "Wales"]
[BlackTeam "United States"]
[WhiteTeamCountry "WLS"]
[BlackTeamCountry "USA"]

1. e4 Nc6 2. Nf3 e5 3. Bc4 Bd6 4. d3 Nf6 5. Nc3 Na5 6. 0-0 0-0 7. a3 Nxc4 8. dxc4 Re8 9. Re1 Bf8 10. Nd5 h6 11. Bd2 c6 12. Nc3 d6 13. b4 Nh5 14. h3 Qf6 15. b5 Be7 16. g4 Nf4 17. Bxf4 Qxf4 18. bxc6 bxc6 19. Qd3 h5 20. Ne2 Qh6 21. gxh5 Qxh5 22. h4 Bxh4 23. Nxh4 Qxh4 24. Ng3 Re6 25. Kg2 Rh6 26. Kf3 Bg4+ 27. Kg2 Qh2+ 28. Kf1 Rf6 29. Qe3 Qh3+ 30. Kg1 Bf3 31. Qxf3 Rxf3 0-1

[Event "IECC M1-2009.T96"]
[Site "IECC email"]
[Date "2009.10.02"]
[Round "?"]
[White "Meetze, Bill"]
[Black "Urbaniak, Marcin"]
[Result "0-1"]
[WhiteElo "1252"]
[BlackElo "1451"]
[PlyCount "46"]
[EventDate "2009.??.??"]
[EventType "match (corr)"]
[EventRounds "2"]
[SourceTitle "Telechess CBM 137"]
[Source "ChessBase"]
[SourceDate "2010.07.15"]
[SourceVersion "1"]
[SourceVersionDate "2010.07.15"]
[SourceQuality "1"]
[WhiteTeam "US of America"]
[BlackTeam "Poland"]
[WhiteTeamCountry "USA"]
[BlackTeamCountry "POL"]

1. e4 d5 2. exd5 Nf6 3. Bb5+ Bd7 4. Bc4 b5 5. Bb3 a5 6. c4 a4 7. Bc2 bxc4 8. Ne2 Nxd5 9. d3 cxd3 10. Qxd3 Nb4 11. Qe4 e6 12. 0-0 Bc6 13. Qf4 Nxc2 14. Be3 Nxa1 15. Bd4 Qd5 16. f3 Qc4 17. Nbc3 Nc2 18. a3 Nxd4 19. Nxd4 Bc5 20. Nce2 Qxe2 21. Rf2 Qd1+ 22. Rf1 Bxd4+ 23. Kh1 Qxf1# 0-1

[Event "IECC M1-2009.T84"]
[Site "IECC email"]
[Date "2009.07.31"]
[Round "?"]
[White "Meetze, Bill"]
[Black "Stewart, Paul James"]
[Result "0-1"]
[WhiteElo "1309"]
[BlackElo "1304"]
[PlyCount "60"]
[EventDate "2009.??.??"]
[EventType "match (corr)"]
[EventRounds "2"]
[SourceTitle "Corr 2011"]
[Source "ChessBase"]
[SourceDate "2010.08.31"]
[SourceVersion "1"]
[SourceVersionDate "2010.08.31"]
[SourceQuality "1"]
[WhiteTeam "US of America"]
[BlackTeam "US of America"]
[WhiteTeamCountry "USA"]
[BlackTeamCountry "USA"]

1. e4 c5 2. Bc4 e6 3. d4 cxd4 4. Qxd4 Nc6 5. Qd3 Ne5 6. Qc3 Qb6 7. Qxe5 Nf6 8. b3 Bd6 9. Qg5 0-0 10. Nc3 Qd4 11. Nge2 Nxe4 12. Qe3 Qxe3 13. Bxe3 Nxc3 14. Nxc3 Be5 15. Na4 Bxa1 16. c3 d5 17. Bd3 Bd7 18. Kd2 Bxa4 19. bxa4 Bb2 20. Bc5 Rfc8 21. Bd4 b6 22. Kc2 Ba3 23. h4 Bc5 24. Bxc5 Rxc5 25. Rh3 Rac8 26. Ba6 R8c7 27. Kd3 Rxc3+ 28. Kd4 Rxh3 29. gxh3 Rc2 30. f4 Rxa2 0-1

[Event "IECC M1-2009.T83"]
[Site "IECC email"]
[Date "2009.07.28"]
[Round "?"]
[White "Cuaycong, Virgilio"]
[Black "Meetze, Bill"]
[Result "1-0"]
[WhiteElo "1563"]
[BlackElo "1286"]
[PlyCount "67"]
[EventDate "2009.??.??"]
[EventType "match (corr)"]
[EventRounds "2"]
[SourceTitle "Telechess CBM 137"]
[Source "ChessBase"]
[SourceDate "2010.07.15"]
[SourceVersion "1"]
[SourceVersionDate "2010.07.15"]
[SourceQuality "1"]
[WhiteTeam "Philippines"]
[BlackTeam "US of America"]
[WhiteTeamCountry "PHI"]
[BlackTeamCountry "USA"]

1. e4 Nc6 2. Nf3 e5 3. Nc3 Bc5 4. Bc4 d6 5. d3 Nd4 6. Ng5 Be6 7. Bxe6 Nxe6 8. Nxe6 fxe6 9. Qg4 Qf6 10. Be3 0-0-0 11. 0-0-0 Nh6 12. Qg3 a6 13. Bxc5 dxc5 14. Rhf1 Nf7 15. f4 Nh6 16. fxe5 Qe7 17. Rf2 c4 18. dxc4 Rd7 19. Rxd7 Qxd7 20. Rd2 Qf7 21. Qd3 Qe7 22. Qe3 b6 23. h3 Nf7 24. Qg3 g6 25. a3 Qc5 26. Qf4 Rd8 27. Qxf7 Rf8 28. Qxe6+ Kb7 29. Qd5+ c6 30. Qd7+ Ka8 31. e6 Qe5 32. Qxc6+ Ka7 33. Rd7+ Kb8 34. Qb7# 1-0

[Event "IECC M1-2009.T76"]
[Site "IECC email"]
[Date "2009.07.03"]
[Round "?"]
[White "Meetze, Bill"]
[Black "D'Aragona, Vittoria"]
[Result "0-1"]
[WhiteElo "1343"]
[BlackElo "1338"]
[PlyCount "66"]
[EventDate "2009.??.??"]
[EventType "match (corr)"]
[EventRounds "2"]
[SourceTitle "Corr 2011"]
[Source "ChessBase"]
[SourceDate "2010.08.31"]
[SourceVersion "1"]
[SourceVersionDate "2010.08.31"]
[SourceQuality "1"]
[WhiteTeam "US of America"]
[BlackTeam "Italy"]
[WhiteTeamCountry "USA"]
[BlackTeamCountry "ITA"]

1. e4 e6 2. Nf3 Nc6 3. Bc4 Nf6 4. 0-0 Nxe4 5. d4 Be7 6. d5 Na5 7. Qd4 Nxc4 8. Qxe4 Nb6 9. dxe6 fxe6 10. Qe5 0-0 11. Qg3 Bd6 12. Qg4 Nd5 13. Bh6 Qf6 14. Bg5 Qxb2 15. Nbd2 Qxc2 16. Bh6 Rf7 17. Ne4 Bf4 18. Bg5 Qxe4 19. g3 h6 20. Rae1 Qg6 21. Nh4 Qxg5 22. Qxg5 Bxg5 23. Ng2 b6 24. f4 Bf6 25. h4 c5 26. g4 Ba6 27. Rf3 Bd4+ 28. Kh2 Bb7 29. Rff1 Raf8 30. Kg3 Nf6 31. a3 Nxg4 32. Kxg4 Bxg2 33. Rg1 Bf2 0-1

[Event "IECC Swiss-523.1"]
[Site "IECC email"]
[Date "2007.04.20"]
[Round "?"]
[White "Meetze, Bill"]
[Black "Adams, Mark"]
[Result "0-1"]
[WhiteElo "1359"]
[BlackElo "2190"]
[PlyCount "36"]
[EventDate "2007.??.??"]
[EventType "swiss (corr)"]
[EventRounds "1"]
[SourceTitle "Corr 2008"]
[Source "ChessBase"]
[SourceDate "2008.06.24"]
[SourceVersion "1"]
[SourceVersionDate "2008.06.24"]
[SourceQuality "1"]
[WhiteTeam "US of America"]
[BlackTeam "Wales"]
[WhiteTeamCountry "USA"]
[BlackTeamCountry "WLS"]

1. e4 c6 2. Bc4 d5 3. exd5 cxd5 4. Bb3 Nf6 5. Nf3 Nc6 6. d4 Bg4 7. 0-0 Bxf3 8. Qxf3 Nxd4 9. Qd3 Nxb3 10. Qxb3 e6 11. Qxb7 Bd6 12. Bg5 0-0 13. Nc3 Bxh2+ 14. Kxh2 Ng4+ 15. Kg1 Qxg5 16. f3 Qe3+ 17. Kh1 Qh6+ 18. Kg1 Qh2# 0-1

[Event "IECC KO-2086"]
[Site "IECC email"]
[Date "2007.02.14"]
[Round "?"]
[White "Von Rosenberg, Clemens"]
[Black "Meetze, Bill"]
[Result "1-0"]
[WhiteElo "1603"]
[BlackElo "1383"]
[PlyCount "47"]
[EventDate "2007.??.??"]
[EventType "match (corr)"]
[EventRounds "2"]
[SourceTitle "Corr 2020"]
[Source "ChessBase"]
[SourceDate "2019.09.30"]
[SourceVersion "1"]
[SourceVersionDate "2019.09.30"]
[SourceQuality "1"]
[WhiteTeam "Germany"]
[BlackTeam "United States"]
[WhiteTeamCountry "GER"]
[BlackTeamCountry "USA"]

1. e4 Nc6 2. d4 e5 3. d5 Nce7 4. Bg5 d6 5. Bb5+ Bd7 6. Nc3 c6 7. dxc6 bxc6 8. Bc4 Qa5 9. Nge2 h6 10. Be3 d5 11. exd5 cxd5 12. Bxd5 Nf6 13. Bxa8 Nf5 14. Bc1 Bb4 15. 0-0 Bd6 16. Ne4 Nxe4 17. Bxe4 Nh4 18. Qxd6 Qa4 19. Rd1 h5 20. Nc3 Qa5 21. Qxd7+ Kf8 22. Qd6+ Kg8 23. Qb8+ Qd8 24. Rxd8# 1-0

[Event "IECG TG.2005.0.15418"]
[Site "IECG email"]
[Date "2005.06.06"]
[Round "1"]
[White "Garcia Medinilla, Daniel"]
[Black "Meetze, Bill"]
[Result "1-0"]
[WhiteElo "1600"]
[BlackElo "1555"]
[PlyCount "109"]
[EventDate "2005.06.06"]
[EventType "match (corr)"]
[EventRounds "2"]
[SourceTitle "Corr 2008"]
[Source "ChessBase"]
[SourceDate "2008.06.24"]
[SourceVersion "1"]
[SourceVersionDate "2008.06.24"]
[SourceQuality "1"]

1. e4 Nc6 2. Nf3 Nf6 3. e5 Nd5 4. d4 d6 5. c4 Nb6 6. exd6 exd6 7. Nc3 Be7 8. d5 Nb4 9. a3 Na6 10. Qc2 Bg4 11. Nd4 Bf6 12. Qe4+ Qe7 13. Be3 Qxe4 14. Nxe4 Bxd4 15. Bxd4 0-0 16. Kd2 Nd7 17. b4 Rfe8 18. f3 Bf5 19. Ng3 Bg6 20. f4 f6 21. h4 Bf7 22. Nf5 Re4 23. Bd3 Rxf4 24. g3 Rg4 25. Raf1 Kf8 26. Rf4 Rxf4 27. gxf4 g6 28. Nh6 Be8 29. Re1 c5 30. dxc6 bxc6 31. Ng4 f5 32. Nf6 c5 33. Nxh7+ Kg8 34. bxc5 Kxh7 35. cxd6 Nac5 36. Re7+ Kh6 37. Bc2 Rc8 38. Ke3 a6 39. Kf2 Rb8 40. Kg3 a5 41. h5 Ne4+ 42. Bxe4 fxe4 43. Kh4 e3 44. Bxe3 Rb3 45. Rxe8 Nf6 46. f5+ Rxe3 47. Rxe3 g5+ 48. Kg3 Nxh5+ 49. Kg2 Nf6 50. Re6 Kg7 51. c5 Kf7 52. Rxf6+ Kxf6 53. c6 Ke5 54. c7 Kxd6 55. c8Q 1-0

[Event "IECC M-5215"]
[Site "IECC email"]
[Date "2005.03.20"]
[Round "?"]
[White "Meetze, Bill"]
[Black "Shook, Ray"]
[Result "0-1"]
[WhiteElo "1373"]
[BlackElo "1640"]
[PlyCount "108"]
[EventDate "2005.??.??"]
[EventType "tourn (corr)"]
[EventRounds "10"]
[SourceTitle "Corr 2020"]
[Source "ChessBase"]
[SourceDate "2019.09.30"]
[SourceVersion "1"]
[SourceVersionDate "2019.09.30"]
[SourceQuality "1"]
[WhiteTeam "United States"]
[BlackTeam "United States"]
[WhiteTeamCountry "USA"]
[BlackTeamCountry "USA"]

1. e4 e5 2. Nf3 Nc6 3. Bc4 Nf6 4. Ng5 Bc5 5. Nxf7 Qe7 6. Nxh8 Qf8 7. Nf7 d5 8. Bxd5 Nxd5 9. exd5 Qxf7 10. 0-0 Qxd5 11. d3 Qf7 12. Be3 Be7 13. f4 Qf5 14. c3 Be6 15. fxe5 Qxe5 16. Bf4 Qb5 17. Qe2 Bf5 18. c4 Qc5+ 19. Be3 Qe5 20. Nc3 Bd6 21. Rf4 0-0-0 22. d4 Nxd4 23. Rxd4 Qxh2+ 24. Kf1 Rf8 25. Ke1 Be5 26. Rad1 Bxd4 27. Bxd4 Qh4+ 28. Qf2 Qe7+ 29. Qe3 Qf7 30. Qg3 Re8+ 31. Kd2 Qxc4 32. Bxg7 Qc5 33. Re1 Rg8 34. Qg5 Rd8+ 35. Qxd8+ Kxd8 36. Be5 b5 37. a3 a5 38. Re2 b4 39. axb4 axb4 40. Nd1 Bg4 41. Re4 Bxd1 42. Kxd1 Qg1+ 43. Ke2 Qxg2+ 44. Kd3 c5 45. Bh8 h5 46. Be5 h4 47. Re2 Qd5+ 48. Kc2 b3+ 49. Kc1 Kc8 50. Re3 c4 51. Bc3 h3 52. Be5 Kb7 53. Bg3 Qg5 54. Bf4 Qxf4 0-1